00910nam a2200241 a 450000100060000000300080000600500170001400800410003103500190007204000390009104100080013008200240013810000460016224500680020826000420027630000270031850000190034550501120036465000210047694200120049799900170050995201420052650818BD-RjUL20211209075553.0160828s1920 enkacf 000 0 eng  a(BD-RjUL)50938 aDLCcOTUdOCoLCdDLCdBD-RjULbeng aeng 223a530.4bSTC 19201 aStrutt, John William d1842-1919.915212110aScientific papers /cby John William Strutt, Baron Rayleigh ... aCambridge :bUniversity Press,c1920. aVol. :bill. ;c28 cm. aIncludes Index0 aVol. 1. 1869-1881.--v. 2. 1881-1887.--v. 3. 1887-1892.--v. 4. 1892-1901.--v. 5 1902-1910.--v. 6. 1911-1919. 0aPhysics.9152122 2ddccBK c50818d50818 00102ddc40708NFICaRUCLbRUCLcStackd1969-10-23eZeithlingerg90.00l0o530.4 STC V-6 1920r2016-08-28 00:00:00tC-2w2021-12-09yBK